000 00445nam a2200181Ia 4500
001 24441
005 20260414151043.0
008 260414t2010||||xx |||||||||||||| ||spa||
041 _aESP
082 _a345.7
_bM77 T. 2
100 _aMontero Aroca, Juan
_eAUT
245 0 _aDerecho jurisdiccional II :
_broceso civil
260 _c2010
300 _a 000 páginas :
_c24 cm.
650 _aDER
654 _aCDE
942 _cLIB
_dJUS
_fJUS
_2ddc
_n
999 _c24441
_d24441